00458nam a2200109 a 450000100100000000500170001000800410002704000250006824501650009326000700025830000200032800002592920200930024147.0110224s1991 dr a 000 0 spa d aDO-SdBNPbspacBNPHU00aCrecimiento inicial de catorce especies maderables locales e introducidas en Zambrana-Chacuey, Cotuí, provincia Sánchez Ramírez, República Dominicana /. aSanto Domingo :bEditorial Enda - Caribe,c1991.fImpreso CENAPEC a54 p. ;c22 cm.